ইসলামী জ্ঞানে উসূলের ধারা / (Record no. 12477)
[ view plain ]
| 000 -LEADER | |
|---|---|
| fixed length control field | 01004nam a2200253 a 4500 |
| 001 - CONTROL NUMBER | |
| JCCL Control Number | 12477 |
| 003 - CONTROL NUMBER IDENTIFIER | |
| JCCL marc code | BD-JhCC |
| 005 - DATE AND TIME OF LATEST TRANSACTION | |
| control field | 20220811134024.0 |
| 008 - FIXED-LENGTH DATA ELEMENTS--GENERAL INFORMATION | |
| fixed length control field | 220228s20192020bg |||| |||| 000 0 ban d |
| 020 ## - INTERNATIONAL STANDARD BOOK NUMBER | |
| International Standard Book Number | 9789849495130 |
| 035 ## - SYSTEM CONTROL NUMBER | |
| system control number | (BD-JhCC)12477 |
| 040 ## - CATALOGING SOURCE | |
| Original cataloging agency | BD-JhCC |
| Modifying agency | BD-JhCC |
| 041 ## - LANGUAGE CODE | |
| Language code of Book | ban |
| 082 ## - DEWEY DECIMAL CLASSIFICATION NUMBER | |
| Classification number | 297.1971 |
| Author mark and Year | GOR 2020 |
| 100 ## - MAIN ENTRY--PERSONAL NAME | |
| Personal name | গরমেজ, ড. মেহমেদ |
| 245 ## - TITLE STATEMENT | |
| Title | ইসলামী জ্ঞানে উসূলের ধারা / |
| Statement of responsibility, etc | ড. মেহমেদ গরমেজ, অনু. বুরহান উদ্দিন, সম্পা. শাহ আব্দুল হান্নান |
| 260 ## - PUBLICATION, DISTRIBUTION, ETC. (IMPRINT) | |
| Place of publication, distribution, etc | ঢাকা : |
| Name of publisher, distributor, etc | মক্তব প্রকাশন |
| Date of publication, distribution, etc | ২০২০। |
| 300 ## - PHYSICAL DESCRIPTION | |
| Pagination | ১৭১ পৃ. : |
| Dimensions | ২১ সেমি. |
| 650 ## - SUBJECT ADDED ENTRY--TOPICAL TERM | |
| Topical term or geographic name as entry element | Islamic education |
| 650 ## - SUBJECT ADDED ENTRY--TOPICAL TERM | |
| Topical term or geographic name as entry element | Knowledge, Theory of (Islam) |
| 700 ## - ADDED ENTRY--PERSONAL NAME | |
| Personal name | উদ্দিন, বুরহান |
| 700 ## - ADDED ENTRY--PERSONAL NAME | |
| Personal name | আব্দুল হান্নান, শাহ |
| 942 ## - ADDED ENTRY ELEMENTS (KOHA) | |
| Source of classification or shelving scheme | Dewey Decimal Classification |
| Koha item type | Books |
| Koha issues (borrowed), all copies | 4 |
| Source of classification or shelving scheme | Damaged status | Not for loan | Home library | Current library | Shelving location | Date of accession | Cost, normal purchase price | Total Checkouts | Full call number | Barcode | Date last seen | Date checked out | Copy number | Koha item type |
|---|---|---|---|---|---|---|---|---|---|---|---|---|---|---|
| Dewey Decimal Classification | JCC Rouf Library | JCC Rouf Library | General Stacks | 06/01/2021 | 163.00 | 2 | 297.1971 GOR 2020 | 17107 | 08/25/2022 | 08/10/2022 | C-1 | Books |